Statistics for Biggest US colleges by endowment

Click here to take the quiz!

General Stats

  • This quiz has been taken 1,238 times
  • The average score is 13 of 20

Answer Stats

EndowmentUniversity% Correct
$31.7 billionHarvard University
99%
$19.4 billionYale University
97%
$17.1 billionPrinceton University
90%
$6.6 billionUniversity of Pennsylvania
82%
$16.5 billionStanford University
81%
$7.8 billionColumbia University
81%
$5.1 billionCornell University
76%
$6.3 billionUniversity of California
72%
$17.1 billionUniversity of Texas System
71%
$9.7 billionMassachusetts Institute of Technology
69%
$7.8 billionUniversity of Michigan
69%
$5.7 billionDuke University
66%
$6.6 billionUniversity of Chicago
54%
$7.1 billionNorthwestern University
50%
$4.8 billionUniversity of Virginia
47%
$6.2 billionUniversity of Notre Dame
46%
$5.3 billionWashington University in St. Louis
46%
$7 billionTexas A&M University System
31%
$4.5 billionRice University
31%
$5.4 billionEmory University
28%

Score Distribution

Percentile by Number Answered

Percent of People with Each Score

Your Score History

You have not taken this quiz